000 00328nam a2200133Ia 4500
008 191201s2009 xx 000 0 und d
020 _a9788176563581
100 _aKANETKAR, Yashavant
245 0 _aUnderstanding Pointers in C
260 _aN. Delhi
_bBPB Publication
_c2009
300 _a539
650 _aMCA
942 _2ddc
_cBK
999 _c6087
_d6087